[Event "Magyar Korcsoportos Bajnokság fiú12"]
[Site "Eger"]
[Date "2022.07.30"]
[Round "8.2"]
[White "Onodi, Miklos"]
[Black "Janosi, Bence"]
[Result "1-0"]
[WhiteElo "1901"]
[BlackElo "1428"]
[PlyCount "63"]
[EventDate "2022.07.23"]
[EventType "tourn"]
[EventRounds "9"]
[EventCountry "HUN"]

1. d4 d5 2. Bf4 Nf6 3. e3 Bf5 4. c4 c6 5. Nc3 e6 6. Qb3 Qb6 7. c5 Qxb3 8. axb3
Nbd7 9. b4 Nh5 10. Bg5 h6 11. Bh4 g5 12. Be2 Ndf6 13. Bg3 Nxg3 14. hxg3 Bg7 15.
b5 Ke7 16. Nf3 Nd7 17. Kd2 Bg6 18. b4 Rhc8 19. bxc6 bxc6 20. Ba6 Rcb8 21. b5
Kd8 22. Ra2 Kc7 23. Rha1 cxb5 24. Nxb5+ Kc6 25. Nc3 Kc7 26. Be2 a5 27. Nb5+ Kc6
28. Rxa5 Rxa5 29. Rxa5 Bf8 30. Ra7 Rc8 31. Nc3 Rb8 32. Bb5+ 1-0

[Event "Magyar Korcsoportos Bajnokság fiú12"]
[Site "Eger"]
[Date "2022.07.30"]
[Round "8.3"]
[White "Juhasz, Edmond"]
[Black "Lehocz, Jozsef Jr"]
[Result "0-1"]
[WhiteElo "1510"]
[BlackElo "1919"]
[PlyCount "138"]
[EventDate "2022.07.23"]
[EventType "tourn"]
[EventRounds "9"]
[EventCountry "HUN"]

1. e4 c5 2. Nf3 d6 3. Bb5+ Nd7 4. a4 Ngf6 5. Nc3 g6 6. d3 Bg7 7. Bd2 O-O 8. O-O
a6 9. Bxd7 Bxd7 10. a5 Bc6 11. Re1 b5 12. axb6 Qxb6 13. Rb1 Qb7 14. Bg5 Rfe8
15. Qd2 Rad8 16. Bh6 Bh8 17. Bg5 d5 18. Bxf6 Bxf6 19. exd5 Bxd5 20. Nxd5 Rxd5
21. b3 Qb4 22. Qxb4 cxb4 23. Re4 a5 24. Rbe1 Ra8 25. h3 e6 26. Ne5 a4 27. bxa4
Rxa4 28. f4 Ra2 29. Rxb4 Rxc2 30. Ng4 Bc3 31. Rb8+ Kg7 32. Ne3 Bxe1 33. Nxc2
Bg3 34. Nb4 Ra5 35. Kf1 Bxf4 36. Rb7 Ra1+ 37. Ke2 Rb1 38. Rb6 Rb2+ 39. Kf3 Bc7
40. Rc6 Rxb4 41. Rxc7 Kf6 42. g3 Rb1 43. Kf2 h5 44. h4 e5 45. Ra7 Rb3 46. Ke3
Rb1 47. Kf2 Ke6 48. Kf3 f6 49. Ke4 Re1+ 50. Kf3 Kf5 51. Re7 Rf1+ 52. Ke2 Ra1
53. Rg7 Ra2+ 54. Kf3 Ra3 55. Ke2 Ra4 56. Kf3 Rg4 57. Rh7 Ke6 58. Rh8 f5 59.
Re8+ Kd5 60. Rd8+ Ke6 61. Re8+ Kf6 62. Kf2 f4 63. gxf4 exf4 64. d4 Rxh4 65. Kf3
g5 66. Kg2 Rg4+ 67. Kf2 Rg3 68. Rh8 h4 69. Ke2 Re3+ 0-1

[Event "Magyar Korcsoportos Bajnokság fiú12"]
[Site "Eger"]
[Date "2022.07.31"]
[Round "9.3"]
[White "Lehocz, Jozsef Jr"]
[Black "Feher, Botond"]
[Result "1/2-1/2"]
[WhiteElo "1919"]
[BlackElo "1747"]
[PlyCount "80"]
[EventDate "2022.07.23"]
[EventType "tourn"]
[EventRounds "9"]
[EventCountry "HUN"]

1. e4 c5 2. Nf3 Nc6 3. d4 cxd4 4. c3 Nf6 5. e5 Nd5 6. Bc4 Nb6 7. Bb3 d5 8. exd6
Qxd6 9. O-O Be6 10. Bxe6 Qxe6 11. Nxd4 Nxd4 12. Qxd4 Rd8 13. Qh4 Qe2 14. Nd2
Rxd2 15. Bxd2 Qxd2 16. Rad1 Qh6 17. Qg3 Qc6 18. Rd4 f6 19. Rfd1 g6 20. Qb8+ Kf7
21. Rd8 Nc4 22. Rc8 Qe6 23. h3 Nd6 24. Rd8 f5 25. Qc7 Kg8 26. Qb8 Kf7 27. Qc7
Kf6 28. Qc5 Qe5 29. Qc7 Bg7 30. Rd7 Re8 31. R1xd6+ exd6 32. Rxg7 Qe1+ 33. Kh2
Qe5+ 34. g3 Re7 35. Rxe7 Qxe7 36. Qc4 b6 37. Qh4+ Ke6 38. Qa4 Kf6 39. Qh4+ Ke6
40. Qa4 Ke5 1/2-1/2

[Event "Magyar Korcsoportos Bajnokság fiú14"]
[Site "Eger"]
[Date "2022.07.23"]
[Round "1.1"]
[White "Bodrogi, Bendeguz"]
[Black "Szegedy, Matyas"]
[Result "1-0"]
[WhiteElo "2170"]
[BlackElo "2152"]
[PlyCount "57"]
[EventDate "2022.09.23"]
[EventType "tourn"]
[EventRounds "9"]
[EventCountry "HUN"]

1. d4 Nf6 2. c4 e6 3. Nf3 d5 4. g3 dxc4 5. Bg2 Be7 6. O-O O-O 7. Na3 c5 8. Nxc4
Nc6 9. dxc5 Bxc5 10. a3 Qxd1 11. Rxd1 Ne4 12. e3 Be7 13. b4 Bf6 14. Bb2 Bxb2
15. Nxb2 a5 16. b5 Ne7 17. Rac1 Nd5 18. Na4 Rb8 19. Ne5 Nef6 20. e4 Ne7 21. Nb6
Ng6 22. f4 Nxe5 23. fxe5 Ng4 24. Rc5 f6 25. Rdc1 Nxe5 26. Rxc8 Rbxc8 27. Rxc8
Rxc8 28. Nxc8 Nc4 29. Bf1 1-0

[Event "Magyar Korcsoportos Bajnokság fiú14"]
[Site "Eger"]
[Date "2022.07.23"]
[Round "1.2"]
[White "Megyaszai, Balazs"]
[Black "Giang, Tran Nam"]
[Result "1/2-1/2"]
[WhiteElo "1919"]
[BlackElo "2144"]
[PlyCount "62"]
[EventDate "2022.09.23"]
[EventType "tourn"]
[EventRounds "9"]
[EventCountry "HUN"]

1. e4 c5 2. Nf3 Nc6 3. d4 cxd4 4. Nxd4 d5 5. Nc3 dxe4 6. Nxc6 Qxd1+ 7. Kxd1
bxc6 8. Nxe4 e5 9. Bc4 Be7 10. Re1 f6 11. c3 Bf5 12. f3 Rd8+ 13. Kc2 Bg6 14. b3
Bc5 15. Bd3 Bxe4 16. Bxe4 Ne7 17. f4 exf4 18. Bxf4 Kf7 19. Be3 Bxe3 20. Rxe3
Nd5 21. Bxd5+ Rxd5 22. Rae1 Rhd8 23. Re7+ Kg6 24. R1e2 R8d7 25. R7e6 c5 26. c4
Rh5 27. g3 Rf5 28. Kb2 Kg5 29. Ka3 Rf3 30. Re7 Rfd3 31. Ka4 Kg4 1/2-1/2

[Event "Magyar Korcsoportos Bajnokság fiú14"]
[Site "Eger"]
[Date "2022.07.23"]
[Round "1.3"]
[White "Gergely, Daniel"]
[Black "Csernyik, Mark"]
[Result "1/2-1/2"]
[WhiteElo "2053"]
[BlackElo "2022"]
[PlyCount "97"]
[EventDate "2022.09.23"]
[EventType "tourn"]
[EventRounds "9"]
[EventCountry "HUN"]

1. d4 Nf6 2. c4 g6 3. Nc3 Bg7 4. e4 d6 5. Bg5 O-O 6. Qd2 a5 7. Be2 c6 8. Nf3
Bg4 9. h3 Bxf3 10. Bxf3 e5 11. d5 Qc7 12. h4 Nbd7 13. h5 Nb6 14. Be2 Rac8 15.
h6 Bh8 16. O-O cxd5 17. cxd5 Nc4 18. Bxc4 Qxc4 19. f3 b5 20. Rfc1 b4 21. Na4
Qa6 22. b3 Nd7 23. Be7 Rxc1+ 24. Rxc1 Re8 25. Bg5 Rc8 26. Rc2 f6 27. Be3 Kf7
28. Qc1 Rxc2 29. Qxc2 Ke7 30. Qc4 Qxc4 31. bxc4 f5 32. c5 dxc5 33. Nxc5 Nxc5
34. Bxc5+ Kd7 35. Kf2 Bf6 36. Ke2 Bg5 37. Bf8 a4 38. Bxb4 Bxh6 39. Kd3 fxe4+
40. fxe4 Bc1 41. Kc4 h5 42. a3 g5 43. Kb5 g4 44. g3 h4 45. gxh4 g3 46. Be1 g2
47. Bf2 Bxa3 48. Kxa4 Bb2 49. Bg1 1/2-1/2

[Event "Magyar Korcsoportos Bajnokság fiú14"]
[Site "Eger"]
[Date "2022.07.23"]
[Round "1.4"]
[White "Kolimar, Kristof Pal"]
[Black "Matyassy, Lazar"]
[Result "1-0"]
[WhiteElo "2160"]
[BlackElo "2132"]
[PlyCount "105"]
[EventDate "2022.09.23"]
[EventType "tourn"]
[EventRounds "9"]
[EventCountry "HUN"]

1. d4 Nf6 2. c4 g6 3. Nc3 d5 4. cxd5 Nxd5 5. e4 Nxc3 6. bxc3 Bg7 7. Qa4+ c6 8.
Nf3 O-O 9. Be2 Bg4 10. O-O e5 11. Rd1 exd4 12. cxd4 Re8 13. Bg5 Qc7 14. Qc2 Qa5
15. Bd2 Qc7 16. Be3 Nd7 17. h3 Bxf3 18. Bxf3 Rad8 19. Rac1 Qb8 20. a4 Nf8 21.
Qc4 Nd7 22. a5 a6 23. Rb1 Nf6 24. d5 Nd7 25. Qb4 cxd5 26. exd5 Rxe3 27. fxe3
Qe5 28. Qf4 Qc3 29. Rdc1 Qa3 30. Be4 Re8 31. Rf1 f5 32. Bf3 Be5 33. Qg5 Bf6 34.
Qf4 Be5 35. Qb4 Qxe3+ 36. Kh1 Qg5 37. Qe1 Nf6 38. h4 Qf4 39. g3 Qxg3 40. Qxg3
Bxg3 41. Rxb7 Rd8 42. Rb6 Bxh4 43. Rxa6 Kg7 44. Rd1 g5 45. d6 g4 46. Ra8 gxf3
47. Rxd8 Ne4 48. Rd7+ Kh6 49. Rf1 Ng3+ 50. Kg1 Ne2+ 51. Kh2 Kg5 52. Rxf3 Kg4
53. Re3 1-0

[Event "Magyar Korcsoportos Bajnokság fiú14"]
[Site "Eger"]
[Date "2022.07.23"]
[Round "1.5"]
[White "Szakmary, Domonkos"]
[Black "Turcsanyi, Vince Gergo"]
[Result "0-1"]
[WhiteElo "1967"]
[BlackElo "2117"]
[PlyCount "46"]
[EventDate "2022.09.23"]
[EventType "tourn"]
[EventRounds "9"]
[EventCountry "HUN"]

1. e4 e5 2. Nf3 Nc6 3. Bb5 a6 4. Ba4 d6 5. c4 f5 6. exf5 Bxf5 7. O-O Be7 8. d4
e4 9. Nfd2 d5 10. cxd5 Qxd5 11. Nc3 Qxd4 12. Ndxe4 O-O-O 13. Bxc6 Qxd1 14. Rxd1
Rxd1+ 15. Nxd1 bxc6 16. Ndc3 Nf6 17. Ng3 Bg6 18. Be3 Rd8 19. Rd1 Nd5 20. Bd4
Nxc3 21. bxc3 c5 22. Re1 cxd4 23. Rxe7 d3 0-1

[Event "Magyar Korcsoportos Bajnokság fiú14"]
[Site "Eger"]
[Date "2022.07.24"]
[Round "2.1"]
[White "Szegedy, Matyas"]
[Black "Turcsanyi, Vince Gergo"]
[Result "1-0"]
[WhiteElo "2152"]
[BlackElo "2117"]
[PlyCount "139"]
[EventDate "2022.09.23"]
[EventType "tourn"]
[EventRounds "9"]
[EventCountry "HUN"]

1. e4 e5 2. Nf3 Nc6 3. Bb5 a6 4. Ba4 d6 5. O-O Nf6 6. Re1 Be7 7. c3 O-O 8. h3
Re8 9. d4 Bd7 10. d5 Nb8 11. c4 a5 12. Nc3 Na6 13. Be3 b6 14. Bc2 c6 15. Qe2
cxd5 16. cxd5 Qb8 17. Rec1 Nc5 18. a4 Qb7 19. Rab1 Na6 20. Bd3 Nb4 21. Bb5 Rac8
22. Nd2 Bxb5 23. Qxb5 Nd7 24. Nc4 Rb8 25. Bxb6 Nxb6 26. Nxa5 Qa8 27. Qxb4 Nxd5
28. Qc4 Nxc3 29. Qxc3 Bg5 30. Rd1 Qxe4 31. Nc4 Be7 32. a5 d5 33. Nb6 Bb4 34.
Qc6 Bxa5 35. Nxd5 Qg6 36. Qc5 Bd8 37. b4 h6 38. b5 Bb6 39. Qc6 Re6 40. Qd7 Qc2
41. Nxb6 Rexb6 42. Rdc1 Qg6 43. Rb2 Qd6 44. Qxd6 Rxd6 45. Rc5 f6 46. f3 Kf7 47.
Rc7+ Kg6 48. Kf2 Rbb6 49. g4 f5 50. Rc5 Kf6 51. Re2 Re6 52. Ke3 Red6 53. gxf5
Kxf5 54. f4 g5 55. fxe5 Re6 56. Rf2+ Kg6 57. Ke4 h5 58. Kd5 g4 59. hxg4 hxg4
60. Rc6 Rexc6 61. bxc6 Rb1 62. c7 Rd1+ 63. Ke6 Rc1 64. Kd7 Rd1+ 65. Ke7 Rc1 66.
Rf6+ Kg5 67. Kd7 g3 68. c8=Q Rxc8 69. Kxc8 g2 70. Rf8 1-0

[Event "Magyar Korcsoportos Bajnokság fiú14"]
[Site "Eger"]
[Date "2022.07.24"]
[Round "2.2"]
[White "Matyassy, Lazar"]
[Black "Szakmary, Domonkos"]
[Result "1-0"]
[WhiteElo "2132"]
[BlackElo "1967"]
[PlyCount "139"]
[EventDate "2022.09.23"]
[EventType "tourn"]
[EventRounds "9"]
[EventCountry "HUN"]

1. e4 c5 2. Nf3 Nc6 3. Nc3 Nf6 4. Bb5 Nd4 5. e5 Nxb5 6. Nxb5 Nd5 7. O-O a6 8.
Nc3 e6 9. Nxd5 exd5 10. d4 c4 11. Bg5 Be7 12. Qd2 O-O 13. Bxe7 Qxe7 14. Rfe1 b5
15. Qa5 Rb8 16. a3 f6 17. Qb4 Qe6 18. exf6 Qxf6 19. Qc5 Kh8 20. Qc7 Rb6 21. Re2
Rc6 22. Qe5 Re6 23. Qxf6 Rexf6 24. Nd2 d6 25. Nf1 Rf4 26. c3 Re4 27. Rxe4 dxe4
28. d5 Bb7 29. Ne3 Re8 30. a4 h6 31. axb5 axb5 32. Ra7 Rb8 33. h3 Kh7 34. g4
Kg6 35. Kg2 Kf6 36. Ra5 Ba8 37. Ra7 Bb7 38. Nf5 g6 39. Nxd6 Bxd5 40. Kg3 Ke5
41. Nf7+ Bxf7 42. Rxf7 Rd8 43. Rb7 Rd3+ 44. Kg2 Rd5 45. Rb6 g5 46. Rb8 Kf6 47.
Kf1 Rd3 48. Rb6+ Kg7 49. Rxb5 Rxh3 50. Re5 Rh1+ 51. Ke2 Rb1 52. Rxe4 Rxb2+ 53.
Ke3 Rc2 54. Rxc4 Kf6 55. Rc5 Ke6 56. f3 Kd6 57. Rc8 Ke5 58. Kd3 Rf2 59. Rf8 Rf1
60. Rf5+ Ke6 61. Kd4 Rd1+ 62. Kc5 Rd8 63. c4 Rc8+ 64. Kd4 Rd8+ 65. Rd5 Rf8 66.
Re5+ Kd7 67. Rf5 Rh8 68. Kd5 h5 69. gxh5 Rxh5 70. f4 1-0

[Event "Magyar Korcsoportos Bajnokság fiú14"]
[Site "Eger"]
[Date "2022.07.24"]
[Round "2.3"]
[White "Csernyik, Mark"]
[Black "Kolimar, Kristof Pal"]
[Result "1/2-1/2"]
[WhiteElo "2022"]
[BlackElo "2160"]
[PlyCount "54"]
[EventDate "2022.09.23"]
[EventType "tourn"]
[EventRounds "9"]
[EventCountry "HUN"]

1. e4 c5 2. Nf3 e6 3. d4 cxd4 4. Nxd4 a6 5. Nc3 b5 6. Be3 Bb7 7. Bd3 d6 8. O-O
Nf6 9. a3 Nbd7 10. f3 Be7 11. Qe2 O-O 12. Rad1 Rc8 13. Rf2 d5 14. exd5 Nxd5 15.
Nxd5 Bxd5 16. a4 Nc5 17. axb5 Nxd3 18. cxd3 axb5 19. Nxb5 Bb3 20. Re1 Bf6 21.
Na3 Qd5 22. Qf1 Rfd8 23. Rd2 Be7 24. Nc4 Bb4 25. Nb6 Qb7 26. Nxc8 Bxd2 27. Bxd2
Rxc8 1/2-1/2

[Event "Magyar Korcsoportos Bajnokság fiú14"]
[Site "Eger"]
[Date "2022.07.24"]
[Round "2.4"]
[White "Giang, Tran Nam"]
[Black "Gergely, Daniel"]
[Result "1-0"]
[WhiteElo "2144"]
[BlackElo "2053"]
[PlyCount "97"]
[EventDate "2022.09.23"]
[EventType "tourn"]
[EventRounds "9"]
[EventCountry "HUN"]

1. e4 c5 2. Nf3 Nc6 3. d4 cxd4 4. Nxd4 Nf6 5. Nc3 g6 6. Nxc6 dxc6 7. Qxd8+ Kxd8
8. Bf4 Nd7 9. O-O-O Bg7 10. Bc4 e5 11. Be3 Ke7 12. Bb3 b5 13. Rd2 f5 14. Bg5+
Bf6 15. Bxf6+ Nxf6 16. exf5 gxf5 17. Re1 Nd7 18. a3 a5 19. f3 Re8 20. g4 fxg4
21. fxg4 b4 22. Ne4 Kd8 23. Nd6 Re7 24. Nf5 Re8 25. Ng7 Rh8 26. Rxe5 Kc7 27.
Re7 Ra7 28. Be6 Rf8 29. Nf5 Kd8 30. Rxh7 Re8 31. Nd4 Kc7 32. Bxd7 Re1+ 33. Rd1
Rxd1+ 34. Kxd1 Bxd7 35. g5 Kd6 36. Kd2 Ra8 37. h4 c5 38. Ne2 Bf5 39. Rf7 Ke6
40. Rf6+ Ke5 41. Rc6 Rd8+ 42. Ke3 Kd5 43. Ra6 Rh8 44. h5 Kc4 45. b3+ Kb5 46.
Rf6 Re8+ 47. Kd2 Rd8+ 48. Kc1 bxa3 49. c4+ 1-0

[Event "Magyar Korcsoportos Bajnokság fiú14"]
[Site "Eger"]
[Date "2022.07.24"]
[Round "2.5"]
[White "Bodrogi, Bendeguz"]
[Black "Megyaszai, Balazs"]
[Result "1/2-1/2"]
[WhiteElo "2170"]
[BlackElo "1919"]
[PlyCount "55"]
[EventDate "2022.09.23"]
[EventType "tourn"]
[EventRounds "9"]
[EventCountry "HUN"]

1. Nf3 d5 2. g3 e6 3. Bg2 c6 4. O-O Nd7 5. c4 f5 6. d3 Ngf6 7. Bf4 Be7 8. Nc3
O-O 9. e4 Nc5 10. exd5 exd5 11. cxd5 Nxd5 12. Nxd5 Qxd5 13. Re1 Bf6 14. Rc1 Nd7
15. Qa4 Nb6 16. Qa3 Qf7 17. Ne5 Bxe5 18. Rxe5 Be6 19. Rce1 Rfe8 20. b3 h6 21.
Qd6 Nc8 22. Qd4 Nb6 23. Qd6 Nc8 24. Qd4 Nb6 25. Qd6 Nc8 26. Qxe6 Rxe6 27. Rxe6
Nb6 28. Re7 1/2-1/2

[Event "Magyar Korcsoportos Bajnokság fiú14"]
[Site "Eger"]
[Date "2022.07.25"]
[Round "3.1"]
[White "Megyaszai, Balazs"]
[Black "Szegedy, Matyas"]
[Result "1/2-1/2"]
[WhiteElo "1919"]
[BlackElo "2152"]
[PlyCount "82"]
[EventDate "2022.09.23"]
[EventType "tourn"]
[EventRounds "9"]
[EventCountry "HUN"]

1. e4 c5 2. Nf3 e6 3. d4 cxd4 4. Nxd4 a6 5. Nc3 Qc7 6. Bd3 Nf6 7. O-O Bd6 8. h3
O-O 9. Kh1 Nc6 10. Nb3 Bf4 11. Bxf4 Qxf4 12. Qd2 Qxd2 13. Nxd2 d5 14. Na4 Bd7
15. Nc5 b6 16. Nxd7 Nxd7 17. exd5 exd5 18. c3 Nc5 19. Be2 b5 20. Nb3 Na4 21.
Rab1 Ne5 22. Nd4 Nc5 23. Bf3 Nxf3 24. Nxf3 Rfe8 25. Nd4 Nd3 26. Kg1 Ne5 27.
Rfd1 Nc4 28. Kf1 Re4 29. Nb3 Rae8 30. Nd2 Re2 31. Nxc4 dxc4 32. Re1 R2e6 33.
Rxe6 Rxe6 34. Rd1 g6 35. Rd7 Kg7 36. Rb7 h5 37. a4 bxa4 38. Rb4 Rc6 39. Rxa4
Kf6 40. Rb4 Ke6 41. Ke2 Kd5 1/2-1/2

[Event "Magyar Korcsoportos Bajnokság fiú14"]
[Site "Eger"]
[Date "2022.07.25"]
[Round "3.2"]
[White "Gergely, Daniel"]
[Black "Bodrogi, Bendeguz"]
[Result "1/2-1/2"]
[WhiteElo "2053"]
[BlackElo "2170"]
[PlyCount "60"]
[EventDate "2022.09.23"]
[EventType "tourn"]
[EventRounds "9"]
[EventCountry "HUN"]

1. d4 Nf6 2. c4 c5 3. d5 b5 4. Qc2 g6 5. e4 Bg7 6. Nc3 a6 7. h3 d6 8. cxb5 O-O
9. a4 e6 10. dxe6 Bxe6 11. Nf3 d5 12. exd5 Nxd5 13. Nxd5 Bxd5 14. Be2 c4 15.
bxa6 Nxa6 16. O-O Nb4 17. Qd2 Qa5 18. Qf4 Rae8 19. Bd1 Nd3 20. Qd2 Qxd2 21.
Bxd2 Bxb2 22. Rb1 Rb8 23. Ne1 Nxe1 24. Rxe1 c3 25. Bf4 Ba2 26. Bxb8 Bxb1 27.
Be5 Rc8 28. Bb3 Bf5 29. a5 Rc5 30. a6 Ra5 1/2-1/2

[Event "Magyar Korcsoportos Bajnokság fiú14"]
[Site "Eger"]
[Date "2022.07.25"]
[Round "3.3"]
[White "Kolimar, Kristof Pal"]
[Black "Giang, Tran Nam"]
[Result "1/2-1/2"]
[WhiteElo "2160"]
[BlackElo "2144"]
[PlyCount "146"]
[EventDate "2022.09.23"]
[EventType "tourn"]
[EventRounds "9"]
[EventCountry "HUN"]

1. d4 d5 2. Nf3 Nf6 3. g3 c6 4. c4 Bf5 5. Nc3 e6 6. Nh4 Bg4 7. Qb3 Qb6 8. h3
Bh5 9. g4 Bg6 10. Nxg6 hxg6 11. Bg2 dxc4 12. Qxc4 Qa6 13. b3 Nd5 14. Bd2 Nb6
15. Qxa6 Nxa6 16. e3 Be7 17. Ke2 Rd8 18. a3 Nc7 19. Rhc1 O-O 20. b4 Nbd5 21.
Ne4 Na6 22. Rab1 Rb8 23. Be1 Rfc8 24. Nd2 b6 25. Nc4 f6 26. Bd2 Rd8 27. Rb3
Rbc8 28. Nb2 g5 29. Ke1 Kf7 30. Bf1 Nb8 31. a4 Rc7 32. Nd3 Rcd7 33. b5 c5 34.
dxc5 bxc5 35. Nxc5 Rc7 36. Nd3 Rxc1+ 37. Nxc1 Rc8 38. Kd1 Nd7 39. Nd3 N5b6 40.
Nb2 Nc5 41. Rc3 Rd8 42. Bg2 Nbxa4 43. Nxa4 Nxa4 44. Rc7 Nb6 45. Ke2 Rd7 46.
Rxd7 Nxd7 47. Kd3 Bc5 48. Kc4 Bb6 49. Bb4 Ne5+ 50. Kc3 g6 51. f4 gxf4 52. exf4
Nd7 53. Bc6 Nf8 54. Bd6 Nh7 55. Kc4 Nf8 56. Kd3 Nh7 57. Bd7 Nf8 58. Bc8 Ke8 59.
h4 Kf7 60. h5 gxh5 61. gxh5 Nh7 62. Ke4 Bf2 63. Kf3 Bb6 64. Ke4 Bf2 65. h6 Bb6
66. Bd7 Bf2 67. Kd3 Bb6 68. Kc4 f5 69. Be5 Nf8 70. Bc8 Nh7 71. Bd4 Nf6 72. Bc5
Nh7 73. Bd4 Nf8 1/2-1/2

[Event "Magyar Korcsoportos Bajnokság fiú14"]
[Site "Eger"]
[Date "2022.07.25"]
[Round "3.4"]
[White "Szakmary, Domonkos"]
[Black "Csernyik, Mark"]
[Result "0-1"]
[WhiteElo "1967"]
[BlackElo "2022"]
[PlyCount "44"]
[EventDate "2022.09.23"]
[EventType "tourn"]
[EventRounds "9"]
[EventCountry "HUN"]

1. e4 c5 2. Nf3 Nc6 3. Bb5 d6 4. Bxc6+ bxc6 5. O-O Bg4 6. d3 Nf6 7. b3 h6 8.
Bb2 e5 9. Nbd2 g5 10. c3 Bh5 11. h3 g4 12. hxg4 Bxg4 13. d4 Rg8 14. dxe5 dxe5
15. Re1 Nh5 16. c4 Bd6 17. Nf1 Qf6 18. N1h2 Bh3 19. g3 Nxg3 20. fxg3 Rxg3+ 21.
Kf2 Rg2+ 22. Ke3 O-O-O 0-1

[Event "Magyar Korcsoportos Bajnokság fiú14"]
[Site "Eger"]
[Date "2022.07.25"]
[Round "3.5"]
[White "Turcsanyi, Vince Gergo"]
[Black "Matyassy, Lazar"]
[Result "1/2-1/2"]
[WhiteElo "2117"]
[BlackElo "2132"]
[PlyCount "81"]
[EventDate "2022.09.23"]
[EventType "tourn"]
[EventRounds "9"]
[EventCountry "HUN"]

1. e4 c5 2. Nf3 d6 3. d4 cxd4 4. Nxd4 Nf6 5. Nc3 Nc6 6. Bg5 e6 7. Qd2 Be7 8.
O-O-O a6 9. f3 Nxd4 10. Qxd4 b5 11. Kb1 Bb7 12. g4 h6 13. Bxf6 Bxf6 14. Qxd6
Qxd6 15. Rxd6 Ke7 16. Rd3 h5 17. gxh5 Bc6 18. Ne2 Rxh5 19. Bg2 Rg5 20. Rg1 Rh8
21. h3 b4 22. Re3 Bb5 23. f4 Rc5 24. Rd1 Rhc8 25. Rd2 e5 26. Rf3 Bxe2 27. Rxe2
Rd8 28. Rd3 Rxd3 29. cxd3 exf4 30. Bf3 Bd4 31. Rc2 Kf6 32. Rxc5 Bxc5 33. Kc2
Bd4 34. a3 bxa3 35. bxa3 Kg5 36. Kd2 Kh4 37. Bg4 Kg3 38. Ke2 a5 39. a4 g6 40.
Kf1 f6 41. Be6 1/2-1/2

[Event "Magyar Korcsoportos Bajnokság fiú14"]
[Site "Eger"]
[Date "2022.07.26"]
[Round "4.1"]
[White "Szegedy, Matyas"]
[Black "Matyassy, Lazar"]
[Result "0-1"]
[WhiteElo "2152"]
[BlackElo "2132"]
[PlyCount "70"]
[EventDate "2022.09.23"]
[EventType "tourn"]
[EventRounds "9"]
[EventCountry "HUN"]

1. e4 c5 2. Nf3 d6 3. d4 cxd4 4. Nxd4 Nf6 5. Nc3 Nc6 6. Bg5 e6 7. Qd2 a6 8.
O-O-O Bd7 9. f4 b5 10. Bxf6 gxf6 11. Kb1 Qb6 12. Nce2 h5 13. h4 b4 14. g3 Na5
15. Ng1 Nb7 16. Bg2 O-O-O 17. Bf3 Nc5 18. Nge2 Kb8 19. c3 e5 20. Nc2 b3 21. Na3
bxa2+ 22. Kxa2 Be6+ 23. Kb1 f5 24. c4 fxe4 25. Bg2 Bg7 26. f5 Bxf5 27. Nc2 Nd3
28. Qc3 d5 29. Rhf1 d4 30. Qa3 Bg6 31. Bxe4 Bxe4 32. Rxd3 Bxd3 33. Qxd3 e4 34.
Qxe4 d3 35. Qf4+ Rd6 0-1

[Event "Magyar Korcsoportos Bajnokság fiú14"]
[Site "Eger"]
[Date "2022.07.26"]
[Round "4.2"]
[White "Csernyik, Mark"]
[Black "Turcsanyi, Vince Gergo"]
[Result "1/2-1/2"]
[WhiteElo "2022"]
[BlackElo "2117"]
[PlyCount "137"]
[EventDate "2022.09.23"]
[EventType "tourn"]
[EventRounds "9"]
[EventCountry "HUN"]

1. e4 e5 2. Nf3 Nc6 3. d4 exd4 4. Bb5 a6 5. Ba4 Bb4+ 6. c3 dxc3 7. O-O Nge7 8.
a3 Ba5 9. b4 Bb6 10. Nxc3 O-O 11. Bb2 d6 12. Nd5 Nxd5 13. exd5 Ne7 14. Qd2 Ng6
15. Bc2 Bg4 16. Nd4 Qh4 17. Rae1 Qh5 18. h3 Bd7 19. Bxg6 Qxg6 20. Re3 Qh5 21.
Rg3 f6 22. Ne6 Bxe6 23. dxe6 Rae8 24. Re1 Qf5 25. Rf3 Qh5 26. Rg3 Kh8 27. a4 a5
28. b5 Re7 29. Bc3 Ra8 30. Qf4 Rf8 31. h4 d5 32. Bb2 c6 33. Ba3 Bc7 34. Qg4
Qxg4 35. Rxg4 Rfe8 36. Bxe7 Rxe7 37. f4 h5 38. Rg3 Bxf4 39. Rb3 c5 40. b6 Bd2
41. Rd1 c4 42. Rb5 c3 43. Rxd5 Rxe6 44. R1xd2 cxd2 45. Rxd2 Rxb6 46. Rd5 g6 47.
Rxa5 Ra6 48. Rb5 Rxa4 49. Rb6 Rc4 50. g3 Rc7 51. Rxf6 Kg7 52. Rb6 Kh7 53. Kf2
Rg7 54. Kf3 Kg8 55. Kf4 Rf7+ 56. Kg5 Kh7 57. g4 hxg4 58. Kxg4 Rc7 59. Kg5 Rc5+
60. Kg4 Rc7 61. Kg5 Rd7 62. Rb5 Re7 63. Kf6 Rc7 64. Kg5 Rd7 65. Rb6 Rd5+ 66.
Kg4 Rd4+ 67. Kg5 Rd7 68. Rb5 Rc7 69. Rb6 1/2-1/2

[Event "Magyar Korcsoportos Bajnokság fiú14"]
[Site "Eger"]
[Date "2022.07.26"]
[Round "4.3"]
[White "Giang, Tran Nam"]
[Black "Szakmary, Domonkos"]
[Result "1-0"]
[WhiteElo "2144"]
[BlackElo "1967"]
[PlyCount "101"]
[EventDate "2022.09.23"]
[EventType "tourn"]
[EventRounds "9"]
[EventCountry "HUN"]

1. e4 Nf6 2. e5 Nd5 3. Nc3 Nxc3 4. bxc3 d6 5. f4 g6 6. d4 Bg7 7. Nf3 O-O 8. Bd3
c5 9. O-O dxe5 10. fxe5 Nc6 11. Be3 Bg4 12. Be2 Qa5 13. Rb1 Rad8 14. Qe1 b6 15.
Qh4 Bxf3 16. Bxf3 cxd4 17. cxd4 Qa4 18. Bxc6 Qxc6 19. Qxe7 Rd7 20. Qa3 Qxc2 21.
Rb2 Qe4 22. Rbf2 Qd5 23. Rc1 Rfd8 24. h3 Qb7 25. Rfc2 Bf8 26. Qb3 Qd5 27. Qxd5
Rxd5 28. Rc7 R8d7 29. Rxd7 Rxd7 30. Rc8 Kg7 31. Kf2 Be7 32. Kf3 f6 33. Ke4 Kf7
34. Rc6 fxe5 35. dxe5 Ke8 36. Bd4 Kd8 37. e6 Rd6 38. Rxd6+ Bxd6 39. Kd5 Be7 40.
Be5 Bc5 41. Bd6 Bf2 42. Kc6 Be3 43. a4 Bf2 44. Bb8 Ke7 45. Bxa7 Kxe6 46. Bxb6
Be1 47. a5 Bxa5 48. Bxa5 Kf5 49. Kd5 h5 50. Bc7 h4 51. g4+ 1-0

[Event "Magyar Korcsoportos Bajnokság fiú14"]
[Site "Eger"]
[Date "2022.07.26"]
[Round "4.4"]
[White "Bodrogi, Bendeguz"]
[Black "Kolimar, Kristof Pal"]
[Result "1/2-1/2"]
[WhiteElo "2170"]
[BlackElo "2160"]
[PlyCount "41"]
[EventDate "2022.09.23"]
[EventType "tourn"]
[EventRounds "9"]
[EventCountry "HUN"]

1. g3 d5 2. Nf3 Nf6 3. Bg2 e6 4. O-O Be7 5. c4 O-O 6. d4 dxc4 7. Qc2 a6 8. a4
Bd7 9. Qxc4 Bc6 10. Bf4 Nbd7 11. Nc3 Bd6 12. Bxd6 cxd6 13. Qb4 Nb6 14. Rfe1
Nbd5 15. Qb3 Rc8 16. Nd2 Nxc3 17. bxc3 Bxg2 18. Kxg2 b5 19. axb5 axb5 20. Qxb5
Rxc3 21. Nf3 1/2-1/2

[Event "Magyar Korcsoportos Bajnokság fiú14"]
[Site "Eger"]
[Date "2022.07.27"]
[Round "5.1"]
[White "Gergely, Daniel"]
[Black "Szegedy, Matyas"]
[Result "1/2-1/2"]
[WhiteElo "2053"]
[BlackElo "2152"]
[PlyCount "94"]
[EventDate "2022.09.23"]
[EventType "tourn"]
[EventRounds "9"]
[EventCountry "HUN"]

1. d4 Nf6 2. c4 c5 3. d5 g6 4. Nc3 Bg7 5. e4 d6 6. Bd3 O-O 7. h3 e6 8. Nf3 Na6
9. O-O Nc7 10. Re1 Rb8 11. a4 e5 12. Nh2 Nh5 13. Ne2 f5 14. exf5 Bxf5 15. Qc2
Na6 16. Bd2 Qf6 17. Rf1 Rbe8 18. Be4 Qh4 19. f3 Nf4 20. Nxf4 exf4 21. Bxf5 Rxf5
22. Rfe1 Bd4+ 23. Kh1 Rfe5 24. Re4 Nb4 25. Bxb4 cxb4 26. Rd1 Bc5 27. b3 R8e7
28. Qe2 h5 29. Rf1 Be3 30. Qc2 Kh7 31. Qd3 Qg5 32. Re1 Bc5 33. Nf1 Kh6 34. Nd2
Qf5 35. Nf1 b6 36. Qc2 Rxe4 37. Rxe4 Re5 38. Qd3 g5 39. Qe2 Rxe4 40. Qxe4 Qxe4
41. fxe4 Kg6 42. g4 hxg4 43. hxg4 Kf6 44. Nd2 Ke5 45. Nf3+ Kxe4 46. Nxg5+ Kd3
47. Nf3 Be3 1/2-1/2